[Event "MCR_CF02"]
[Site "?"]
[Date "2005.??.??"]
[Round "?"]
[White "Jurci, Peter"]
[Black "Cvak, Rudolf"]
[Result "1/2-1/2"]
[WhiteElo "2051"]
[BlackElo "2040"]
[PlyCount "82"]
[EventDate "2005.??.??"]
[EventType "corr"]
[EventRounds "2"]

1. d4 Nf6 2. c4 g6 3. Nc3 Bg7 4. e4 d6 5. f3 O-O 6. Be3 b6 7. Bd3 Bb7 8. Nge2
c5 9. d5 Nbd7 10. Bc2 Ne5 11. b3 e6 12. O-O exd5 13. exd5 a6 14. a4 h6 15. Qd2
Kh7 16. Rae1 Qc7 17. h3 Rae8 18. Ng3 Bc8 19. f4 Ned7 20. Bb1 Kh8 21. f5 g5 22.
Nce4 Nxe4 23. Nxe4 Nf6 24. Nxf6 Bxf6 25. h4 Qd8 26. Qd3 Rg8 27. hxg5 hxg5 28.
Kf2 Kg7 29. Rh1 Re5 30. g4 Rh8 31. Kg2 Ree8 32. Qd2 Bd7 33. Bd3 Bc8 34. Kf3
Rxh1 35. Rxh1 Rh8 36. Rxh8 Qxh8 37. Qg2 Bb7 38. Ke2 Qd8 39. Kd1 Qe8 40. Qd2 Qe7
41. Bc2 Kf8 1/2-1/2

[Event "MCR_CF02"]
[Site "?"]
[Date "2005.??.??"]
[Round "?"]
[White "Jurci, Peter"]
[Black "Houdek, Vladimir"]
[Result "1/2-1/2"]
[WhiteElo "2051"]
[BlackElo "2151"]
[PlyCount "70"]
[EventDate "2005.??.??"]
[EventType "corr"]
[EventRounds "2"]

1. d4 d5 2. c4 dxc4 3. Nf3 Nf6 4. e3 e6 5. Bxc4 c5 6. O-O a6 7. Qe2 b5 8. Bb3
Bb7 9. Rd1 Nbd7 10. Nc3 Qb8 11. Ne5 Bd6 12. Nxd7 Nxd7 13. d5 c4 14. dxe6 Bxh2+
15. Kh1 Nf6 16. exf7+ Kf8 17. Bc2 Kxf7 18. e4 Be5 19. Bg5 Qc7 20. Bxf6 Bxf6 21.
Rd2 Rad8 22. Rad1 Rxd2 23. Rxd2 g6 24. Nd5 Bxd5 25. Rxd5 Rd8 26. Rxd8 Bxd8 27.
Qd2 Bf6 28. b3 c3 29. Qd5+ Kg7 30. g3 g5 31. Kg2 h5 32. f4 gxf4 33. Qxh5 fxg3
34. Qg4+ Kf7 35. Qxg3 Be5 1/2-1/2

[Event "MCR_CF02"]
[Site "?"]
[Date "2005.??.??"]
[Round "?"]
[White "Jurci, Peter"]
[Black "Izing, Stefan ml."]
[Result "0-1"]
[WhiteElo "2051"]
[BlackElo "2000"]
[PlyCount "68"]
[EventDate "2005.??.??"]
[EventType "corr"]
[EventRounds "2"]

1. d4 d5 2. c4 e6 3. Nc3 c6 4. e3 Nf6 5. Nf3 Nbd7 6. Bd3 dxc4 7. Bxc4 b5 8. Bd3
a6 9. e4 c5 10. e5 cxd4 11. Nxb5 axb5 12. exf6 gxf6 13. O-O Qb6 14. Qe2 b4 15.
Rd1 Bc5 16. Bf4 Bb7 17. Be4 Ba6 18. Qd2 Rd8 19. Rac1 e5 20. Bg3 Bb7 21. Bxb7
Qxb7 22. Rc4 Qd5 23. Qc2 O-O 24. Bh4 Rfe8 25. Bxf6 Rc8 26. Rc1 Nxf6 27. Rxc5 d3
28. Rxd5 Rxc2 29. Rc5 Rxb2 30. Kf1 Ne4 31. R5c4 Nxf2 32. Re1 e4 33. Rd4 Kf8 34.
Ng5 d2 0-1

[Event "MCR_CF02"]
[Site "?"]
[Date "2005.??.??"]
[Round "?"]
[White "Jurci, Peter"]
[Black "Kubelka, Martin"]
[Result "0-1"]
[WhiteElo "2051"]
[BlackElo "2142"]
[PlyCount "72"]
[EventDate "2005.??.??"]
[EventType "corr"]
[EventRounds "2"]

1. d4 Nf6 2. c4 e6 3. Nc3 Bb4 4. e3 O-O 5. Bd3 c5 6. Nf3 d5 7. O-O dxc4 8. Bxc4
Nbd7 9. Qe2 b6 10. d5 Bxc3 11. dxe6 Ne5 12. exf7+ Kh8 13. bxc3 Bg4 14. e4 Qe7
15. Re1 b5 16. Bxb5 Nh5 17. Bg5 Qe6 18. Qe3 Bxf3 19. gxf3 Qxf7 20. Be2 h6 21.
f4 Nxf4 22. Bxf4 Qxf4 23. Rad1 Rae8 24. Rd5 Qh4 25. Rf1 Ng6 26. f3 Nf4 27. Rxc5
Re6 28. Kh1 Rg6 29. Qf2 Qh3 30. Rg1 Rxg1+ 31. Kxg1 Nxe2+ 32. Qxe2 Rxf3 33. e5
Qg4+ 34. Qg2 Qe4 35. Qd2 Qb1+ 36. Kg2 Qf1# 0-1

[Event "MCR_CF02"]
[Site "?"]
[Date "2005.??.??"]
[Round "?"]
[White "Jurci, Peter"]
[Black "Markytan, Vladislav"]
[Result "0-1"]
[WhiteElo "2051"]
[BlackElo "2168"]
[PlyCount "66"]
[EventDate "2005.??.??"]
[EventType "corr"]
[EventRounds "2"]

1. d4 e6 2. c4 Nf6 3. Nc3 Bb4 4. e3 O-O 5. Bd3 d5 6. Nf3 b6 7. O-O dxc4 8. Bxc4
Bb7 9. a3 Bd6 10. b4 Nbd7 11. Bb2 Qe7 12. Nb5 a6 13. Nxd6 cxd6 14. a4 Rfc8 15.
Be2 Ne4 16. b5 axb5 17. axb5 Rxa1 18. Qxa1 f5 19. Rc1 Ra8 20. Ba3 Ndf6 21. h3
g5 22. Ne1 g4 23. hxg4 Nxg4 24. Bxg4 fxg4 25. Qb2 g3 26. fxg3 Qg5 27. Qb3 Bd5
28. Qd3 Qxg3 29. Bb4 Qf2+ 30. Kh2 Rf8 31. Rc2 Qh4+ 32. Kg1 Ng3 33. Nf3 Bxf3 0-1

[Event "MCR_CF02"]
[Site "?"]
[Date "2005.??.??"]
[Round "?"]
[White "Kubelka, Martin"]
[Black "Chvojka, Jaroslav"]
[Result "1/2-1/2"]
[WhiteElo "2142"]
[BlackElo "2149"]
[PlyCount "59"]
[EventDate "2005.??.??"]
[EventType "corr"]
[EventRounds "2"]

1. d4 Nf6 2. c4 e6 3. Nf3 b6 4. g3 Ba6 5. b3 Bb4+ 6. Bd2 Be7 7. Nc3 O-O 8. e4
d5 9. cxd5 Bxf1 10. Kxf1 exd5 11. e5 Ne4 12. Kg2 f5 13. Rc1 Qd7 14. Ne2 Ba3 15.
Rc2 c5 16. Bc1 Bxc1 17. Rxc1 Nc6 18. dxc5 bxc5 19. Nf4 Rad8 20. h4 a5 21. Re1
Rfe8 22. e6 Qd6 23. Ng5 Nxg5 24. hxg5 Nd4 25. Qd2 a4 26. b4 Nxe6 27. Nxe6 Rxe6
28. bxc5 Qc6 29. Rxe6 Qxe6 30. c6 1/2-1/2

[Event "MCR_CF02"]
[Site "?"]
[Date "2005.??.??"]
[Round "?"]
[White "Kubelka, Martin"]
[Black "Cvak, Rudolf"]
[Result "0-1"]
[WhiteElo "2142"]
[BlackElo "2040"]
[PlyCount "108"]
[EventDate "2005.??.??"]
[EventType "corr"]
[EventRounds "2"]

1. d4 Nf6 2. c4 g6 3. Nc3 Bg7 4. e4 d6 5. Nf3 O-O 6. Be2 e5 7. O-O exd4 8. Nxd4
Re8 9. f3 Nbd7 10. Be3 h6 11. Qd2 Kh7 12. Rfd1 Ne5 13. Rac1 a6 14. b4 Bd7 15.
Nb3 Qe7 16. c5 d5 17. Nxd5 Nxd5 18. Qxd5 Rad8 19. Qd2 f5 20. f4 Bb5 21. Qe1
Rxd1 22. Rxd1 Bxe2 23. Qxe2 Ng4 24. Bd4 Qxe4 25. Qxe4 Rxe4 26. h3 Bxd4+ 27.
Nxd4 Ne3 28. Rd3 c6 29. g3 Nd5 30. a3 Kg7 31. Kf2 Kf6 32. Nf3 Rc4 33. Ne5 Rc2+
34. Kf3 g5 35. Nd7+ Ke6 36. Nb6 gxf4 37. Nxd5 cxd5 38. Kxf4 Rc4+ 39. Ke3 Ke5
40. Kd2 d4 41. Rf3 a5 42. Rb3 axb4 43. axb4 Ke4 44. h4 h5 45. Rb1 d3 46. Re1+
Kd4 47. Re6 Rc2+ 48. Ke1 Kc3 49. c6 Rc1+ 50. Kf2 d2 51. c7 d1=Q 52. c8=Q+ Kb2
53. Qh8+ Kb1 54. Qe8 Qg1+ 0-1

[Event "MCR_CF02"]
[Site "?"]
[Date "2005.??.??"]
[Round "?"]
[White "Kubelka, Martin"]
[Black "Houdek, Vladimir"]
[Result "0-1"]
[WhiteElo "2142"]
[BlackElo "2151"]
[PlyCount "72"]
[EventDate "2005.??.??"]
[EventType "corr"]
[EventRounds "2"]

1. d4 d5 2. c4 dxc4 3. Nf3 Nf6 4. Nc3 c6 5. a4 Bf5 6. Ne5 Nbd7 7. Nxc4 Qc7 8.
g3 e5 9. dxe5 Nxe5 10. Bf4 Nfd7 11. Bg2 f6 12. O-O O-O-O 13. Ne3 Be6 14. Qc2 g5
15. Bxe5 Qxe5 16. Ncd5 f5 17. Nc4 Qg7 18. Rac1 f4 19. Na5 Ne5 20. Nc3 Bb4 21.
Nb3 fxg3 22. fxg3 Rhe8 23. Nb5 Nc4 24. Nxa7+ Kb8 25. Nxc6+ bxc6 26. Bxc6 Qa7+
27. Rf2 Re7 28. e4 Nd2 29. Nc5 Bc4 30. Rxd2 Qxc5+ 31. Rf2 Rd2 32. Qxd2 Bxd2 33.
Rc2 Be1 34. Bd5 Bxf2+ 35. Kg2 Bf1+ 36. Kxf1 Qxc2 0-1

[Event "MCR_CF02"]
[Site "?"]
[Date "2005.??.??"]
[Round "?"]
[White "Kubelka, Martin"]
[Black "Izing, Stefan ml."]
[Result "1/2-1/2"]
[WhiteElo "2142"]
[BlackElo "2000"]
[PlyCount "79"]
[EventDate "2005.??.??"]
[EventType "corr"]
[EventRounds "2"]

1. d4 Nf6 2. c4 c5 3. d5 e6 4. Nc3 exd5 5. cxd5 d6 6. Nf3 g6 7. Bf4 a6 8. a4
Bg7 9. e4 O-O 10. Be2 Bg4 11. O-O Re8 12. Nd2 Bxe2 13. Qxe2 Nh5 14. Be3 Nd7 15.
a5 Bd4 16. Nc4 Qc7 17. Qf3 Ne5 18. Nxe5 Bxe5 19. Bg5 Rab8 20. g4 f6 21. Bd2 Ng7
22. Na4 f5 23. exf5 gxf5 24. g5 Qf7 25. Kh1 Re7 26. Rae1 Rbe8 27. b4 cxb4 28.
Bxb4 Bxh2 29. Rxe7 Rxe7 30. Kxh2 Re4 31. Bxd6 Qxd5 32. Rd1 Rh4+ 33. Kg2 Qxf3+
34. Kxf3 Rxa4 35. Be7 Ne6 36. Rd7 Rxa5 37. Rxb7 Rb5 38. Ra7 Rb3+ 39. Kg2 Nf4+
40. Kh2 1/2-1/2

[Event "MCR_CF02"]
[Site "?"]
[Date "2005.??.??"]
[Round "?"]
[White "Kubelka, Martin"]
[Black "Jurci, Peter"]
[Result "1-0"]
[WhiteElo "2142"]
[BlackElo "2051"]
[PlyCount "69"]
[EventDate "2005.??.??"]
[EventType "corr"]
[EventRounds "2"]

1. d4 Nf6 2. c4 g6 3. Nc3 Bg7 4. e4 d6 5. Nf3 O-O 6. Be2 e5 7. O-O Nc6 8. d5
Ne7 9. Nd2 Ne8 10. b4 f5 11. c5 Nf6 12. f3 f4 13. Nc4 g5 14. a4 Ng6 15. Ba3 Rf7
16. b5 Bf8 17. b6 axb6 18. cxb6 cxb6 19. Qb3 Ne8 20. Nxb6 Rb8 21. a5 h6 22.
Rfc1 Bd7 23. Nxd7 Qxd7 24. a6 Qd8 25. Rab1 g4 26. Qb6 Qg5 27. Qa7 Nh4 28. Qxb8
gxf3 29. Bxf3 Nxf3+ 30. Kh1 Rg7 31. Rc2 Nd4 32. Rf2 f3 33. Qxe8 Re7 34. Qxe7
Bxe7 35. axb7 1-0

[Event "MCR_CF02"]
[Site "?"]
[Date "2005.??.??"]
[Round "?"]
[White "Kubelka, Martin"]
[Black "Markytan, Vladislav"]
[Result "1/2-1/2"]
[WhiteElo "2142"]
[BlackElo "2168"]
[PlyCount "102"]
[EventDate "2005.??.??"]
[EventType "corr"]
[EventRounds "2"]

1. d4 e6 2. c4 Nf6 3. Nf3 d5 4. Nc3 Bb4 5. Bg5 Nbd7 6. cxd5 exd5 7. e3 O-O 8.
Bd3 c5 9. Qc2 h6 10. Bh4 Qa5 11. O-O c4 12. Bf5 Re8 13. Nd2 Nh5 14. g4 Nhf6 15.
Rad1 Qa6 16. h3 b5 17. e4 dxe4 18. Ndxe4 Nxe4 19. Bxe4 Bb7 20. Rfe1 Bxe4 21.
Rxe4 Qc6 22. d5 Qb7 23. Qe2 Rxe4 24. Nxe4 Re8 25. a3 Bf8 26. Bg3 a6 27. f3 Qc8
28. d6 g6 29. Qd2 Bg7 30. Kg2 Re6 31. Bf4 g5 32. Bg3 Qc6 33. Qc2 Re8 34. Bf2
Be5 35. Be1 Re6 36. Bg3 Bg7 37. Rd2 Re8 38. Nc3 Bxc3 39. Qxc3 Qc5 40. Bf2 Qe5
41. Qa5 Qf4 42. Bg3 Qe3 43. Rf2 Nc5 44. Qb6 Kg7 45. f4 Qe4+ 46. Kh2 Qd5 47.
fxg5 hxg5 48. Qc7 Re3 49. Rf5 Re2+ 50. Bf2 Rxf2+ 51. Rxf2 Qe5+ 1/2-1/2

[Event "MCR_CF02"]
[Site "?"]
[Date "2005.??.??"]
[Round "?"]
[White "Markytan, Vladislav"]
[Black "Chvojka, Jaroslav"]
[Result "1-0"]
[WhiteElo "2168"]
[BlackElo "2149"]
[PlyCount "85"]
[EventDate "2005.??.??"]
[EventType "corr"]
[EventRounds "2"]

1. e4 c6 2. d4 d5 3. e5 Bf5 4. Nf3 e6 5. Be2 c5 6. Be3 cxd4 7. Nxd4 Ne7 8. f4
Nbc6 9. Nb5 Ng6 10. O-O a6 11. Nd4 Nxd4 12. Bxd4 Ne7 13. c3 Nc6 14. Bd3 g6 15.
Bxf5 gxf5 16. Nd2 Rg8 17. Be3 Qh4 18. Rf3 Rc8 19. Kh1 Rg7 20. Qb3 b5 21. a4 b4
22. cxb4 Nxb4 23. a5 Qe7 24. Bb6 Qd7 25. Rc3 Rxc3 26. Qxc3 Qc6 27. Rc1 Kd7 28.
Ne4 fxe4 29. Qe3 Nc2 30. Qb3 Qc4 31. Qxc4 dxc4 32. Rxc2 Kc6 33. Rxc4+ Kb5 34.
Rxe4 Bb4 35. Rd4 Bxa5 36. Bxa5 Kxa5 37. Rd7 Kb5 38. g3 Kc6 39. Ra7 Kb6 40. Re7
a5 41. Kg2 Kc5 42. Kh3 Kc6 43. Kh4 1-0

[Event "MCR_CF02"]
[Site "?"]
[Date "2005.??.??"]
[Round "?"]
[White "Markytan, Vladislav"]
[Black "Cvak, Rudolf"]
[Result "0-1"]
[WhiteElo "2168"]
[BlackElo "2040"]
[PlyCount "102"]
[EventDate "2005.??.??"]
[EventType "corr"]
[EventRounds "2"]

1. d4 Nf6 2. Nf3 g6 3. c4 Bg7 4. g3 d6 5. Bg2 O-O 6. O-O Nbd7 7. Nc3 c6 8. e4
e5 9. dxe5 Nxe5 10. Nxe5 dxe5 11. Be3 Be6 12. b3 Qa5 13. Qc2 Rad8 14. a3 Ng4
15. Bd2 Qc7 16. h3 Nf6 17. Rad1 Nd7 18. Ne2 f5 19. Bb4 c5 20. Bd2 f4 21. Nc3 f3
22. Bh1 Bxh3 23. Nd5 Qb8 24. Rfe1 Rf7 25. Bg5 Re8 26. Rd3 Bg4 27. Bd2 Nb6 28.
Ne3 h5 29. Bc3 Qc8 30. Qd1 Ref8 31. a4 Nd7 32. Rd6 Kh7 33. Qd3 Re8 34. Qd5 Ree7
35. Qd3 Nf6 36. Rd8 Qc7 37. Bb2 Re6 38. Qd1 Nd7 39. Ra8 b6 40. Nd5 Qb7 41. Rd8
Nb8 42. Ne3 Nc6 43. Rd2 Bh6 44. Rd6 Rxd6 45. Qxd6 Qd7 46. Qxd7 Bxd7 47. Nd5 g5
48. Re3 g4 49. Rd3 Nd4 50. Kf1 Be8 51. Kg1 Bg7 0-1

[Event "MCR_CF02"]
[Site "?"]
[Date "2005.??.??"]
[Round "?"]
[White "Markytan, Vladislav"]
[Black "Houdek, Vladimir"]
[Result "1-0"]
[WhiteElo "2168"]
[BlackElo "2151"]
[PlyCount "77"]
[EventDate "2005.??.??"]
[EventType "corr"]
[EventRounds "2"]

1. d4 d5 2. Nf3 Nf6 3. g3 Bf5 4. Bg2 e6 5. O-O Be7 6. c4 c6 7. Nbd2 h6 8. a4
Nbd7 9. a5 Qc7 10. c5 O-O 11. Qa4 Rad8 12. Nb3 g5 13. Be3 Ng4 14. Bd2 a6 15.
Qb4 Ngf6 16. Ne1 Kh8 17. Nd3 Rg8 18. Rae1 h5 19. f3 h4 20. g4 Bxd3 21. exd3
Rdf8 22. h3 Qg3 23. Kh1 Rb8 24. Qc3 Rbf8 25. f4 Nxg4 26. hxg4 Qxg4 27. fxg5
Bxg5 28. Qc2 h3 29. Bf3 Qh4 30. Bxg5 Rxg5 31. Qf2 Qh7 32. Rg1 Rfg8 33. Rxg5
Rxg5 34. Qe3 Qg6 35. Nc1 h2 36. Ne2 e5 37. Bg2 Kg7 38. Bh3 exd4 39. Qxd4+ 1-0

[Event "MCR_CF02"]
[Site "?"]
[Date "2005.??.??"]
[Round "?"]
[White "Markytan, Vladislav"]
[Black "Izing, Stefan ml."]
[Result "1-0"]
[WhiteElo "2168"]
[BlackElo "2000"]
[PlyCount "71"]
[EventDate "2005.??.??"]
[EventType "corr"]
[EventRounds "2"]

1. d4 Nf6 2. Nf3 g6 3. c4 Bg7 4. g3 d5 5. cxd5 Nxd5 6. Bg2 Nb6 7. Nc3 Nc6 8.
Be3 O-O 9. O-O Nc4 10. Qb3 N6a5 11. Qb4 Nxe3 12. fxe3 c6 13. Rad1 Qb6 14. Qxe7
Bf5 15. b3 Rfe8 16. Qg5 Qb4 17. Rc1 f6 18. Qf4 Rad8 19. g4 Bc8 20. e4 b6 21. e3
Qa3 22. g5 Rf8 23. gxf6 Bxf6 24. Qg3 Ba6 25. Rfe1 Rde8 26. e5 Be7 27. Ng5 Bc8
28. Qh4 Bxg5 29. Qxg5 Bf5 30. d5 Rxe5 31. dxc6 Kg7 32. Qh4 Rc8 33. e4 Be6 34.
Nd5 g5 35. Qg3 Qd6 36. Ne7 1-0

[Event "MCR_CF02"]
[Site "?"]
[Date "2005.??.??"]
[Round "?"]
[White "Markytan, Vladislav"]
[Black "Jurci, Peter"]
[Result "1-0"]
[WhiteElo "2168"]
[BlackElo "2051"]
[PlyCount "65"]
[EventDate "2005.??.??"]
[EventType "corr"]
[EventRounds "2"]

1. d4 Nf6 2. Nf3 g6 3. c4 d6 4. g3 Bg7 5. Bg2 O-O 6. O-O Nbd7 7. Nc3 e5 8. dxe5
dxe5 9. Qc2 c6 10. Rd1 Qe7 11. h3 Ne8 12. Rb1 f5 13. b4 Nc7 14. e4 Ne6 15. Ne2
f4 16. c5 g5 17. Bb2 h5 18. gxf4 exf4 19. Bxg7 Nxg7 20. Qb3+ Kh7 21. h4 gxh4
22. Qc3 Rf7 23. Rd6 Nf8 24. Ne5 Rf6 25. Nxc6 bxc6 26. Qxf6 Qxf6 27. Rxf6 Be6
28. Nxf4 Bxa2 29. Ra1 Bc4 30. e5 Nfe6 31. Bxc6 Rg8 32. Be4+ Nf5+ 33. Kh2 1-0

[Event "MCR_CF02"]
[Site "?"]
[Date "2005.??.??"]
[Round "?"]
[White "Markytan, Vladislav"]
[Black "Kubelka, Martin"]
[Result "1/2-1/2"]
[WhiteElo "2168"]
[BlackElo "2142"]
[PlyCount "102"]
[EventDate "2005.??.??"]
[EventType "corr"]
[EventRounds "2"]

1. d4 Nf6 2. Nf3 e6 3. g3 c5 4. Bg2 Nc6 5. c4 cxd4 6. Nxd4 Qb6 7. Nc2 d5 8. Nd2
Be7 9. cxd5 exd5 10. Nb3 Be6 11. Be3 Qc7 12. O-O O-O 13. Ncd4 Qe5 14. Nc5 Bxc5
15. Nxc6 Qd6 16. Bxc5 Qxc5 17. Nd4 Qb4 18. Qd3 Rac8 19. a3 Qe7 20. Rac1 a6 21.
Rfd1 Rfe8 22. Qb3 Rxc1 23. Rxc1 Qd7 24. Qc3 Rc8 25. Qxc8+ Qxc8 26. Rxc8+ Bxc8
27. e3 Ne4 28. Kf1 Kf8 29. Ke1 Ke7 30. b3 Kd6 31. f3 Nc5 32. h4 Nd3+ 33. Kd2
Ne5 34. g4 h6 35. Bf1 g5 36. hxg5 hxg5 37. Kc3 Bd7 38. Be2 Kc5 39. Bd3 f6 40.
Be2 Ng6 41. Bf1 Ne7 42. Bd3 Bc8 43. Bc2 Bd7 44. b4+ Kd6 45. a4 b6 46. a5 bxa5
47. bxa5 Kc5 48. Bd3 Bc8 49. Be2 Bb7 50. Bd3 Bc8 51. Be2 Bb7 1/2-1/2